Feminist ecocriticism: Environment, women and literature (Record no. 23055)

MARC details
000 -LEADER
fixed length control field 00508nam a2200169Ia 4500
008 - FIXED-LENGTH DATA ELEMENTS--GENERAL INFORMATION
fixed length control field 230917s9999||||xx |||||||||||||| ||und||
020 ## - ISBN
Price GBP37.95
040 ## - CATALOGING SOURCE
-- 209238
Original cataloging agency VIVEKANANDA LIBRARY
041 ## - Language
-- English
082 ## - DDC NUMBER
Classification number 810.9355 V225F
100 ## - MAIN ENTRY--PERSONAL NAME
Personal name Vakoch, Douglas A, ed.
245 #0 - TITLE STATEMENT
Title Feminist ecocriticism: Environment, women and literature
260 ## - PUBLICATION, DISTRIBUTION, ETC. (IMPRINT)
Place of publication, distribution, etc Lanhan
Name of publisher, distributor, etc Lexington Books
Date of publication, distribution, etc 2012
300 ## - PHYSICAL DESCRIPTION
Pages x, 158 p.
500 ## - GENERAL NOTE
General note 2760 16/08/2013 13107772 09/10/2013 English (P) In the name of Loveleen
942 ## - ADDED ENTRY ELEMENTS (KOHA)
Koha item type Books
Holdings
Withdrawn status Lost status Damaged status Not for loan Location (home branch) Sublocation or collection (holding branch) Date acquired Koha issues (times borrowed) Koha full call number Accession No. Koha date last seen Koha item type
        VIVEKANANDA LIBRARY VIVEKANANDA LIBRARY 12/11/2013   810.9355 V225F 333894 17/09/2023 Books
© Designed and Maintained by Vivekananda Library, MDU Rohtak